000 00699nam a22002297a 4500
003 BUBTL
008 230315b ||||| |||| 00| 0 eng d
020 _a9781604132762
082 _a821.809/ B6232v/ 2011
100 _95215
_aBloom, Harold
245 _aVictorian Poets /
_cHarold Bloom
250 _a1st Edn
260 _aNew York:
_bBlooms Literary Criticism
_cc2011
300 _avii, 205 p.:
_c22.5 cm.
440 _aBloom's Modern Critical Views:
_95216
500 _aIncludes Index
505 _aVictorian Poets, Harold Bloom, English Literature, English
650 0 _91994
_aEnglish Literature
856 _k0
_l0
_yDownload
942 _2ddc
_cBK
999 _c6976
_d6976